000 01348nam0a22003131 4500
001 rc\4796929
005 20250612220223.0
021 _aRU
_b[58-38911]
035 _a(NLR Aleph) 008869771
090 _a8513919
_c8513919
100 _a20130426d1958 |||y0rusy50 ca
101 0 _arus
102 _aRU
105 _ay z |||||
200 1 _aСоциализм в Австралии
_eТочка зрения коммунистов на "демократический социализм"
210 _aМосква
_cГосполитиздат
_d1958
215 _a48 с.
_d20
300 _aПеред загл. авт.: Л.Л. Шарки, ген. секретарь Ком. партии Австралии
300 _aНа обороте тит. л.: Socialism in Australia. Communist view on democratic socialism. By L.L. Sharkey, general secretary Communist party of Australia. Sydney, Current book distributors, 1957
517 0 _aSocialism in Australia
606 _aРевизионизм
_2psbo
606 _a"Демократический социализм"
_2psbo
606 _aКапитализм
_xБуржуазные теории
_2psbo
700 1 _aШарки
_bЛ.Л.
_f1898-1967
_gЛоренс Луис
801 0 _aRU
_bNLR
_gpsbo
801 1 _aRU
_bELAR
_2rusmarc
852 _aNLR
_j58-4/10971
942 _cBOOK
980 _aNB